Um alfabeto para gourmets / (Record no. 1012)
[ view plain ]
| 000 -LÍDER | |
|---|---|
| campo de controle de tamanho fixo | 01058nam a22002297a 4500 |
| 003 - IDENTIFICADOR DO NÚMERO DE CONTROLE | |
| campo de controle | OSt |
| 005 - DATA E HORÁRIO DA ÚLTIMA TRANSAÇÃO | |
| campo de controle | 20251126112444.0 |
| 008 - CAMPO DE DADOS FIXOS--INFORMAÇÃO GERAL | |
| campo de controle de tamanho fixo | 251126b |||||||| |||| 00| 0 eng d |
| 020 ## - ISBN - INTERNATIONAL STANDARD BOOK NUMBER | |
| ISBN - International Standard Book Number | 8571645671 |
| 040 ## - FONTE DA CATALOGAÇÃO | |
| Instituição que transcreveu o registro | Nolita |
| 041 ## - CÓDIGO DE IDIOMA | |
| Código do idioma do texto/trilha sonora ou título diferente | Português |
| 100 1# - ENTRADA PRINCIPAL--NOME PESSOAL | |
| Nome pessoal | Fisher, M. F. K. |
| Forma completa do nome | (Mary Frances Kennedy), |
| Datas associadas ao nome | 1908-1992 |
| 9 (RLIN) | 1657 |
| 240 ## - TÍTULO UNIFORME | |
| Título uniforme | [An alphabet for gourmets] |
| 245 ## - TÍTULO | |
| Título | Um alfabeto para gourmets / |
| Indicação de responsabilidade, etc. | MFK Fisher ; tradução: Celso Nogueira |
| 260 ## - PUBLICAÇÃO, DISTRIBUIÇÃO, ETC. | |
| Local de publicação, distribuição, etc. | São Paulo : |
| Nome do editor, distribuidor, etc. | Companhia das Letras, |
| Data da publicação, distribuição, etc. | 1996 |
| 300 ## - DESCRIÇÃO FÍSICA | |
| Extensão | 260 p. ; |
| Dimensões | 19 cm |
| 500 ## - NOTA GERAL | |
| Nota geral | Inclui índice.<br/>Tradução de: An alphabet for gourmets. |
| 520 ## - NOTA DE RESUMO, ETC. | |
| Resumo, etc. | Coletânea de ensaios culinários organizada alfabeticamente, nos quais M. F. K. Fisher combina memórias pessoais, reflexões sensoriais e observações culturais sobre comida. A autora explora ingredientes, pratos, hábitos gastronômicos e experiências de vida, compondo uma obra literária que une gastronomia e narrativa autobiográfica. |
| 650 #0 - ASSUNTO--TERMO TÓPICO | |
| Cabeçalho tópico ou nome geográfico | Gastronomia |
| Subdivisão geral | Miscelânea |
| 9 (RLIN) | 773 |
| 650 #0 - ASSUNTO--TERMO TÓPICO | |
| Cabeçalho tópico ou nome geográfico | Culinária |
| 9 (RLIN) | 8 |
| 942 ## - ELEMENTOS DE ENTRADA ADICIONADOS (KOHA) | |
| Fonte de classificação ou esquema de arquivamento | Classificação decimal de Dewey |
| Tipo de material Koha | Livros |
| Ocultar no OPAC | Não |
| Situação do descarte | Situação das perdas | Fonte de classificação ou esquema de arquivamento | Status danificado | Não pode ser emprestado | Coleção | Biblioteca de origem | Biblioteca atual | Data de aquisição | Total de empréstimos | Número de chamada completo | Código de barras | Data de último acesso | Data do preço efetivo | Tipo de material Koha |
|---|---|---|---|---|---|---|---|---|---|---|---|---|---|---|
| Classificação decimal de Dewey | Não ficção | Nolita Roastery | Nolita Roastery | 11/26/2025 | L1091 | L1091 | 11/26/2025 | 11/26/2025 | Livros |